000 00925cam a2200313 a 4500
001 5685254
003 ARRUPE
005 20150813020031.0
008 060516s2006 enk b 001 0 eng
015 _aGBA588044
_2bnb
016 7 _a013315370
_2Uk
020 _a0334029791 (pbk.)
024 3 _a9780334029793
035 _a(OCoLC)ocm62132545
035 _a(NNC)5685254
040 _aUKM
_cUKM
_dBWKUK
050 4 _aBR115.H85
_bD321
082 0 4 _a211.6
_222
100 1 _aDe Gruchy, John W.
_910527
245 1 0 _aBeing human :
_bconfessions of a Christian humanist /
_cJohn W. de Gruchy.
260 _aLondon :
_bSCM,
_c2006.
300 _avi, 218 p. ;
_c22 cm.
504 _aIncludes bibliographical references and index.
650 0 _aChristianity and religious humanism.
_915158
650 0 _aHumanism, Religious.
_915159
942 _2lcc
_cMONOGRAPH
_01
948 1 _a20060817
_bc
_csds12
_dMPS
999 _c122057
_d122057